| 000 | 00285nam a22001337a 4500 | ||
|---|---|---|---|
| 999 |
_c32338 _d32338 |
||
| 003 | Nust | ||
| 005 | 20170120161819.0 | ||
| 008 | 170120b xxu||||| |||| 00| 0 eng d | ||
| 020 | _a81-203-42828 | ||
| 040 | _c. | ||
| 082 | _a658.5752 CHI | ||
| 100 | _aCHITALE, A.K. | ||
| 245 |
_aPRODUCT DESIGN AND MANUFACTURING _cCHITALE, A.K. |
||
| 250 | _a5th | ||
| 260 |
_aNew Delhi _bPHI _c2011. |
||
| 300 | _a554.p; | ||
| 500 | _aPaperback. | ||
| 942 |
_cBK _2ddc |
||